zpět

Detail výsledku týmu

Pod Jasanem, Rokycany

Datum a čas kvízu

27 Celkem bodů Celkový počet nahraných bodů na tomto kvízu bez doplňovacích otázek.
3. Pořadí na kvízu Konečné umístění týmu na tomto kvízu.

Zaznamenané odpovědi

# Otázka Odpověď Body Výsledky
1. Europoslanci Pavel Telička a P... 0
2. Americký prezident Donald Trum... 0
3. 46letá hollywoodská hvězda byl... 1
4. Zatímco s robotickým vozítkem... 1
5. Jak se jmenuje vítězný tým fin... 1
7. Kterou barvou je na mapě vyzna... 1
8. Díváme se na podobiznu bezespo... 0
9. Nejvyšší vodopád na světě najd... 0
10. Vzhledem k přírodním podmínkám... 0
43. Která z těchto kosmetických zn... 0